| 000 | 00406cam a2200157ua 4500 | ||
|---|---|---|---|
| 041 |
_aeng _h |
||
| 082 |
_a342.020 954 _bMAN/CO |
||
| 100 | _aMangal Chandra, Jain Kagzi . | ||
| 245 |
_aContitution of India / _cMangal Chandra Jain Kagzi. _hTextual Documents |
||
| 250 |
_a1 / _b. |
||
| 260 |
_a : _bMetropolitan Book Co , _c1961. |
||
| 300 | _a334 ; . | ||
| 504 | _a | ||
| 942 | _cBK | ||
| 999 |
_c3318 _d3318 |
||